[Event "Centrocoop op"]
[Site "Eforie Nord"]
[Date "1997.??.??"]
[Round "?"]
[White "Vasiesiu, Dan"]
[Black "Lucaci, Bogdan"]
[Result "1-0"]
[WhiteElo "2385"]
[BlackElo "1800"]
[PlyCount "69"]
[EventDate "1997.??.??"]
[EventType "swiss"]
[EventRounds "11"]
[EventCountry "ROU"]
[SourceTitle "EXT 2010"]
[Source "ChessBase"]
[SourceDate "2010.11.25"]
[SourceVersion "1"]
[SourceVersionDate "2010.11.25"]
[SourceQuality "1"]

1. e4 e6 2. d4 d5 3. Nc3 Nf6 4. Bg5 Be7 5. e5 Nfd7 6. Bxe7 Qxe7 7. f4 0-0 8. Nf3 c5 9. Qd2 Nc6 10. dxc5 Nxc5 11. 0-0-0 a6 12. Qe3 Rd8 13. h4 b5 14. Ne2 Ne4 15. Ned4 Nxd4 16. Nxd4 Bb7 17. Bd3 f6 18. exf6 Qxf6 19. Rhf1 Re8 20. Nf3 Rac8 21. Ng5 h6 22. Nxe4 dxe4 23. Bxe4 Bxe4 24. Qxe4 Rc4 25. Qe3 Qxh4 26. Rd6 Qg4 27. Rf2 e5 28. f5 Re4 29. Qd2 Rd4 30. Rxd4 exd4 31. b3 Qe4 32. Rf4 Qe2 33. Qxd4 Qxg2 34. f6 gxf6 35. Rg4+ 1-0